书目信息 |
| 题名: |
新编儿童文学教程
|
|
| 作者: | 陈子典 主编 | |
| 分册: | ||
| 出版信息: | 广州 广东高等教育出版社 2003 |
|
| 页数: | 417页 | |
| 开本: | 20cm | |
| 丛书名: | ||
| 单 册: | ||
| 中图分类: | I058 | |
| 科图分类: | ||
| 主题词: | 儿童文学--师范大学--教材 , 儿童文学 | |
| 电子资源: | ||
| ISBN: | 7-5361-2881-9 | |
| 000 | 00789nam0 2200229 450 | |
| 001 | 070025869880 | |
| 005 | 20050923104836.26 | |
| 010 | @a7-5361-2881-9@dCNY22.00 | |
| 100 | @a20050112d2003 ekmy0chiy0120 ea | |
| 101 | 0 | @achi |
| 102 | @aCN@b440000 | |
| 105 | @ay z 000yy | |
| 200 | 1 | @a新编儿童文学教程@9xin bian er tong wen xue jiao cheng@f陈子典主编@Fchen zi dian zhu bian |
| 210 | @a广州@c广东高等教育出版社@d2003 | |
| 215 | @a417页@d20cm | |
| 330 | @a本书概述中国儿童文学的产生与发展,阐述儿童文学的性质、特点、功能、意义与构成,介绍儿童文学的体裁形式,儿童文学欣赏的性质、特点、意义与方法。 | |
| 606 | 0 | @a儿童文学@x师范大学@j教材 |
| 606 | 0 | @a儿童文学 |
| 690 | @aI058@v4 | |
| 701 | 0 | @a陈子典@Achen zi dian@4主编 |
| 801 | 0 | @aCN@bTSSF@c20050923 |
| 905 | @a10447@dI058@e119 | |
| 新编儿童文学教程/陈子典主编.-广州:广东高等教育出版社,2003 |
| 417页;20cm |
| ISBN 7-5361-2881-9:CNY22.00 |
| 本书概述中国儿童文学的产生与发展,阐述儿童文学的性质、特点、功能、意义与构成,介绍儿童文学的体裁形式,儿童文学欣赏的性质、特点、意义与方法。 |
| ● |
| 相关链接 |
|
|
|
|
正题名:新编儿童文学教程
索取号:I058/119
 
预约/预借
| 序号 | 登录号 | 条形码 | 馆藏地/架位号 | 状态 | 备注 |
| 1 | 0363055 | 3630556 | 第一样本阅览室/ [索取号:I058/119] | 在馆 | |
| 2 | 0363056 | 3630565 | 第二借阅区/ [索取号:I058/119] | 在馆 | |
| 3 | 0363057 | 3630574 | 第二借阅区/ [索取号:I058/119] | 在馆 | |
| 4 | 0363058 | 3630583 | 第二借阅区/ [索取号:I058/119] | 在馆 | |
| 5 | 0363059 | 3630592 | 第二借阅区/ [索取号:I058/119] | 在馆 |